| 000 | 00914nam a22002177a 4500 | ||
|---|---|---|---|
| 999 |
_c2511 _d2511 |
||
| 003 | AR-CdUCM | ||
| 008 | 190304b ||||| |||| 00| 0 spa d | ||
| 040 |
_aMUNICIPALIDAD PROVINCIAL DEL CUSCO _cBIBLIOTECA MUNICIPAL DEL CUSCO |
||
| 082 |
_a309.73 / _bR56 |
||
| 100 |
_aRiesman, David _95314 |
||
| 245 | _aAbundancia ¿para qué? / | ||
| 260 |
_aMéxico : _bFondo de Cultura Económica, _c1965. |
||
| 300 |
_a437 paginas ; _c16 cm. |
||
| 440 |
_aColección popular tiempo presente _n71 _98924 |
||
| 505 | _aContenido :Trayectorias y conductas de consumidores -- El drama de la trayectoria en un agricultor de mediana edad -- Trabajo y ocio: fusión o polaridad -- Ocio y trabajo en la sociedad posindustrial -- Algunas cuestiones en el futuro del ocio ... | ||
| 650 |
_aEstados Unidos _91805 |
||
| 650 |
_aHistorial social _98925 |
||
| 650 |
_aCondiciones sociales _91132 |
||
| 942 |
_2ddc _cLIBROS |
||
| 945 | _arum | ||